MDQL
is popping MORE tags! Check the
thread
!
Quizzes
Events
Quiz Creation
Community
Videos
Private Events
Remove Ads
Sign In
Join for FREE
Feedback
Dark Mode
Quiz Categories
Sports
Geography
Music
Movies
Television
Just For Fun
Miscellaneous
History
Literature
Language
Science
Gaming
Entertainment
Religion
Holiday
For Kids
Quiz Lab
Recent
Popular Today
Quiz Kudos Today
Editor Picks
Curator Picks
Quizzes by...
Day
Popularity
Type
Ratings
Length
Year
Community
Subscriptions
Recent Discussions
Orange Saloon
Badges
Playlists
Quests
Create
Leaderboards
Showdown
Live 5
Trivia Bingo
Activity
Puzzle Library
Sporcle Events
Private Events
Virtual Trivia
Globe League
Become a Host
Pub Owners
SporcleCon
Opinionation
Our Games
Videos
Blog
Mobile Apps
Partnerships
Remove Ads and Go Orange
Feedback
Entertainment
Celebrity
Famous
Musical
Broadway
Show
Quote
Comic Books
Anime
Superhero
DC Comics
Marvel
Cartoons
Animation
Entertainment
Celebrity
Famous
Musical
Broadway
Show
Quote
Comic Books
Anime
Superhero
DC Comics
Marvel
Cartoons
Animation
Random Quiz
Search Sporcle
×
Quiz Lab
Quiz Lab
Entertainment
connection
Type in answers that appear in a list
Type in answers that appear in a list
Classic
Best Score? Go Orange.
Person or Thing Missing from a Group #3 Stats
Can you name the Person or Thing Missing from a Group #3?
By
DukeChiliPeppers
6m
15 Questions
340 Plays
340 Plays
340 Plays
Comments
Comments
Give Quiz Kudos
Give Quiz Kudos
-
- Ratings
hide this ad
More Info
Replay
Link that replays current quiz
Next Quiz
Link to next quiz in quiz playlist
You Got
0%
They Got
Avg Score
47%
Avg Friend Score
Upgrade to see
Score Distribution
Jump to the score distribution portion of the page
Score
0/15
Timer
06:00
0
Plays Today
Group
Missing Item
% Correct
A,B,D,E,F,G
C
86.2%
South America, North America, Europe, Asia, Antarctica, Africa
Australia
75%
Playstation 3, Xbox 360
Nintendo Wii
72.1%
Blackhawks, Bulls, White Sox, Cubs
Chicago Bears
70%
Run, Swim
Bike
69.4%
southwest Colorado, northwest New Mexico, northeast Arizona
Southeast Utah
63.2%
Twilight, Eclipse, Breaking Dawn
New Moon
61.5%
Sean Connery, Daniel Craig, Roger Moore, Timothy Dalton
Pierce Brosnan
56.8%
Group
Missing Item
% Correct
Google, Ask, Yahoo!, Aol Search
Bing
54.4%
Long Jump, Pole Vault, Discus Throw, Triple Jump, High Jump, Shot Put, Hammer Throw
Javelin Throw
30.9%
Super Bowl, World Series, Stanley Cup
The Finals
23.5%
Hybrid Theory, Minutes to Midnight, A Thousand Suns
Meteora
16.5%
Naura, Namibia, Niger, Netherlands, New Zealand, Nicaragua, Nigeria, Norway
Nepal
15.3%
Carly Shay, Samantha Puckett, Fredward Benson, Gibby Gibson
Spencer Shay
15%
Great Pyramid, Hanging Gardens, Statue of Zeus, Mausoleum of Halicarnassus, Colossus of Rhodes, Lighthouse of Alexandria
Statue of Artemis
5.3%
Quiz Playlist
Details
Report
Send in Message
Add To Playlist
More Info:
Can you name the Person or Thing Missing from its group?
Classic:
Type in answers that appear in a list
Last Updated: Feb 16, 2017
Quiz Scoreboard
CHALLENGE
Sign Up to Join the Scoreboard
Show All
Scores
Hide
Comments
May contain spoilers
Recently Published
5x2 Blitz: Bands
by SL_Kpop136
Music
30s
Colored Red Africa Blitz
by spor1
Geography
30s
Find the 'City' Movie
by crazypaving
Movies
60s
More to Explore
Quiz From the Vault
Featured Blog Post
14 Easter Pick-up Lines to Find Eggs With
hide this ad
You Might Also Like...
Tags
connection
Today's Top Quizzes in Entertainment
Browse Entertainment
hide this ad
Today's Top Quizzes in connection
Browse connection
Top Contributed Quizzes in Entertainment
1
Dragon Ball Z: Goku's Fights in Order
2
Marvel Characters Bunker
3
Marvel Classic Character Map
4
Celebrity Spelling Bee
5
This is Your Life: Edward Elric
6
This is Your Life: Itachi Uchiha
7
Dragon Ball Z: Immortal Characters
8
X-Men: 10 to 1
9
Fairy Tail 12-1
10
Finish The Line - Starship (Starkid)
Explore More
Trending Topics
Anime
NBA
Disney
Kpop
Crossword
Marvel
Harry Potter
Puzzle
Song
Pokémon
Soccer
WWE
The Office
Country
NFL
hide this ad
More By:
DukeChiliPeppers
Quiz
Plays
Rating
Category
Featured
Created
Missing Word: Will Ferrell
71,753
4.12
Just For Fun
Nov 1, 2010
Person or Thing Missing from a Group #3
340
2.00
Entertainment
Aug 28, 2010
Rides in Disney's California Adventure
226
3.00
Just For Fun
Mar 14, 2010
Go to Creator's Profile
Score Distribution
Quiz Creator Spotlight
DukeChiliPeppers
Follow
Send a Message
Quizzes Created
-
Created Quiz Play Count
-
More By This Creator
Popular Quizzes Today
1
Find the 'City' Movie
2
Colored Red Africa Blitz
3
Find the US States - No Outlines Minefield
4
5x2 Blitz: Bands
5
The Countries of the World
6
Find the US States
7
US States
8
9x9 Crossword: Cartoon Network
More Entertainment Quizzes
Click the 'P' Cartoon Characters II
Curator's Pick
Trending Quizzes
Colored Red Europe Blitz I
Colored Red Africa Blitz II
Colored Red Europe Blitz II
Colored Red Europe Blitz III
Colored Red Africa Blitz III
Recently Updated
Famous TV Couples
Peacemaker
Champions League XIs: Real Madrid
pecheneg
Largest US Cities 1790-2010
pecheneg
Rides in Walt Disney World
pecheneg
Most Oscar Losses (Acting)
pecheneg
Beyoncé Albums
pecheneg
Leaping Animals
pecheneg
Reality TV Shows (A-Z)
bhenderson79
Rickey Henderson's Hall of Fame Teammates
pecheneg
Champions League XIs: Arsenal
pecheneg
Trending Topics
Marvel
Anime
Disney
Crossword
Kpop
NBA
Harry Potter
Puzzle
Pokémon
WWE
Country
NFL
Song
The Office
Soccer
Your Account Isn't Verified!
In order to create a playlist on Sporcle, you need to verify the email address you used during registration. Go to your
Sporcle Settings
to finish the process.
Report this User
Report this user for behavior that violates our
Community Guidelines
.
Details:
Send Report
Go to the Sporcle.com Mobile Site →
Comments